Chefs du gouvernement de la République Française - Statistiques

Statistiques générales
  • Ce quiz a été pris 157 fois
  • Le résultat moyen est 56 sur 147
Statistiques - réponses
Intitulé de la fonction Mandat Chef du gouvernement % Correct
Première ministre mai 2022 - ? Élisabeth Borne
97%
Premier ministre mars 1986 - mai 1988 Jacques Chirac
97%
Premier ministre mai 1974 - août 1976 Jacques Chirac
97%
Premier ministre mai 2017 - juillet 2020 Édouard Philippe
95%
Premier ministre mars 2014 - décembre 2016 Manuel Valls
95%
Premier ministre avril 1962 - juillet 1968 Georges Pompidou
92%
Premier ministre juin 1997 - mai 2002 Lionel Jospin
90%
Premier ministre juillet 2020 - mai 2022 Jean Castex
89%
Première ministre mai 1991 - avril 1992 Édith Cresson
88%
Premier ministre décembre 2016 - mai 2017 Bernard Cazeneuve
85%
Premier ministre mai 2007 - mai 2012 François Fillon
84%
Premier ministre mai 2005 - mai 2007 Dominique de Villepin
83%
Président du Conseil juin 1958 - janvier 1959 Charles de Gaulle
82%
Président du gouvernement provisoire juin 1944 - janvier 1946 Charles de Gaulle
82%
Premier ministre mai 2012 - mars 2014 Jean-Marc Ayrault
81%
Premier ministre mars 1993 - mai 1995 Édouard Balladur
79%
Président du Conseil novembre 1917 - janvier 1920 Georges Clemenceau
79%
Président du Conseil octobre 1906 - juillet 1909 Georges Clémenceau
79%
Premier ministre juin 1969 - juillet 1972 Jacques Chaban-Delmas
78%
Premier ministre janvier 1959 - avril 1962 Michel Debré
77%
Premier ministre mai 2002 - mai 2005 Jean-Pierre Raffarin
76%
Premier ministre mai 1995 - juin 1997 Alain Juppé
75%
Premier ministre juillet 1984 - mars 1986 Laurent Fabius
75%
Premier ministre mai 1988 - mai 1991 Michel Rocard
74%
Premier ministre avril 1992 - mars 1993 Pierre Bérégovoy
74%
Président du gouvernement provisoire décembre 1946 - janvier 1947 Léon Blum
73%
Président du Conseil mars 1938 - avril 1938 Léon Blum
73%
Président du Conseil juin 1936 - juin 1937 Léon Blum
73%
Premier ministre août 1976 - mai 1981 Raymond Barre
72%
Premier ministre mai 1981 - juillet 1984 Pierre Mauroy
68%
Premier ministre juillet 1972 - mai 1974 Pierre Messmer
68%
Président du Conseil février 1955 - février 1956 Edgar Faure
66%
Président du Conseil janvier 1952 - mars 1952 Edgar Faure
66%
Président du Conseil juillet 1926 - juillet 1929 Raymond Poincaré
65%
Président du Conseil janvier 1922 - juin 1924 Raymond Poincaré
65%
Président du Conseil janvier 1912 - janvier 1913 Raymond Poincaré
65%
Premier ministre juillet 1968 - juin 1969 Maurice Couve de Murville
63%
Président du Conseil juin 1940 - juillet 1940 Philippe Pétain
63%
Président du Conseil février 1934 - novembre 1934 Gaston Doumergue
61%
Président du Conseil décembre 1913 - juin 1914 Gaston Doumergue
61%
Président du Conseil juin 1954 - février 1955 Pierre Mendès-France
59%
Président du Conseil juin 1935 - janvier 1936 Pierre Laval
56%
Président du Conseil janvier 1931 - février 1932 Pierre Laval
56%
Président du Conseil avril 1938 - mars 1940 Édouard Daladier
55%
Président du Conseil janvier 1934 - février 1934 Édouard Daladier
55%
Président du Conseil janvier 1933 - octobre 1933 Édouard Daladier
55%
Président du Conseil février 1883 - avril 1885 Jules Ferry
51%
Président du Conseil septembre 1880 - novembre 1881 Jules Ferry
51%
Président du Conseil janvier 1920 - septembre 1920 Alexandre Millerand
50%
De facto octobre 1851 - décembre 1852 Louis-Napoléon Bonaparte
50%
De facto janvier 1851 - avril 1851 Louis-Napoléon Bonaparte
50%
Président du Conseil juillet 1929 - novembre 1929 Aristide Briand
48%
Président du Conseil novembre 1925 - juillet 1926 Aristide Briand
48%
Président du Conseil janvier 1921 - janvier 1922 Aristide Briand
48%
Président du Conseil octobre 1915 - mars 1917 Aristide Briand
48%
Président du Conseil janvier 1913 - mars 1913 Aristide Briand
48%
Président du Conseil juillet 1909 - mars 1911 Aristide Briand
48%
Président du Conseil novembre 1881 - janvier 1882 Léon Gambetta
46%
Président du Conseil décembre 1893 - mai 1894 Jean Casimir-Perier
44%
Président du Conseil février 1956 - juin 1957 Guy Mollet
42%
Président du Conseil mars 1940 - juin 1940 Paul Reynaud
41%
Président du Conseil septembre 1948 Robert Schuman
40%
Président du Conseil novembre 1947 - juillet 1948 Robert Schuman
40%
Président du Conseil janvier 1883 - février 1883 Armand Fallières
39%
Président du Conseil février 1892 - décembre 1892 Émile Loubet
39%
Président du Conseil juin 1932 - décembre 1932 Édouard Herriot
38%
Président du Conseil juillet 1926 Édouard Herriot
38%
Président du Conseil juin 1924 - avril 1925 Édouard Herriot
38%
Président du Conseil mars 1952 - janvier 1953 Antoine Pinay
37%
Président du Conseil juin 1899 - juin 1902 Pierre Waldeck-Rousseau
34%
Président du Conseil mars 1951 - août 1951 Henri Queuille
33%
Président du Conseil juillet 1950 Henri Queuille
33%
Président du Conseil septembre 1948 - octobre 1949 Henri Queuille
33%
Président du Conseil mai 1958 - juin 1958 Pierre Pflimlin
31%
Président du Conseil juin 1937 - mars 1938 Camille Chautemps
30%
Président du Conseil novembre 1933 - janvier 1934 Camille Chautemps
30%
Président du Conseil février 1930 - mars 1930 Camille Chautemps
30%
Président du Conseil mai 1877 - novembre 1877 Albert de Broglie
29%
Vice-président du Conseil mai 1873 - mai 1874 Albert de Broglie
29%
Président du Conseil janvier 1947 - novembre 1947 Paul Ramadier
24%
Président du Conseil janvier 1936 - juin 1936 Albert Sarraut
23%
Président du Conseil octobre 1933 - novembre 1933 Albert Sarraut
23%
Président du Conseil février 1932 - juin 1932 André Tardieu
23%
Président du Conseil mars 1930 - décembre 1930 André Tardieu
23%
Président du Conseil novembre 1929 - février 1930 André Tardieu
23%
Président du Conseil août 1951 - janvier 1952 René Pleven
23%
Président du Conseil juillet 1950 - mars 1951 René Pleven
23%
Président du Conseil juin 1914 - octobre 1915 René Viviani
23%
Président du Conseil octobre 1949 - juillet 1950 Georges Bidault
22%
Président du gouvernement provisoire juin 1946 - décembre 1946 Georges Bidault
22%
Président du gouvernement provisoire janvier 1946 - juin 1946 Félix Gouin
21%
Président du Conseil avril 1896 - juin 1898 Jules Méline
21%
Président du Conseil novembre 1934 - juin 1935 Pierre-Étienne Flandin
21%
Président du Conseil mars 1890 - février 1892 Charles de Freycinet
17%
Président du Conseil janvier 1886 - décembre 1886 Charles de Freycinet
17%
Président du Conseil janvier 1882 - août 1882 Charles de Freycinet
17%
Président du Conseil décembre 1879 - septembre 1880 Charles de Freycinet
17%
Président du Conseil novembre 1895 - avril 1896 Léon Bourgeois
16%
Président du Conseil avril 1925 - novembre 1925 Paul Painlevé
16%
Président du Conseil septembre 1917 - novembre 1917 Paul Painlevé
16%
Président du Conseil juin 1953 - juin 1954 Joseph Laniel
15%
Président du Conseil mars 1917 - septembre 1917 Alexandre Ribot
14%
Président du Conseil juin 1914 Alexandre Ribot
14%
Président du Conseil janvier 1895 - novembre 1895 Alexandre Ribot
14%
Président du Conseil décembre 1892 - avril 1893 Alexandre Ribot
14%
Président du Conseil janvier 1953 - juin 1953 René Mayer
14%
Président du Conseil juillet 1948 - septembre 1948 André Marie
13%
Président de la commission exécutive mai 1848 - juin 1848 François Arago
13%
Président du Conseil décembre 1877 - février 1879 Jules Dufaure
13%
Président du Conseil mars 1876 - décembre 1876 Jules Dufaure
13%
Vice-président du Conseil février 1876 - mars 1876 Jules Dufaure
13%
Vice-président du Conseil février 1871 - mai 1873 Jules Dufaure
13%
Président du Conseil novembre 1898 - juin 1899 Charles Dupuy
12%
Président du Conseil mai 1894 - janvier 1895 Charles Dupuy
12%
Président du Conseil avril 1893 - décembre 1893 Charles Dupuy
12%
Président du Conseil novembre 1957 - mai 1958 Félix Gaillard
12%
Président du Conseil juin 1957 - novembre 1957 Maurice Bourgès-Maunoury
12%
Président du Conseil juin 1848 - décembre 1848 Eugène Cavaignac
11%
Président du Conseil juin 1898 - novembre 1898 Henri Brisson
11%
Président du Conseil avril 1885 - janvier 1886 Henri Brisson
11%
Président du Conseil décembre 1876 - mai 1877 Jules Simon
11%
Président du Conseil juin 1902 - janvier 1905 Émile Combes
10%
Président du Conseil décembre 1930 - janvier 1931 Théodore Steeg
9%
Président du Conseil juin 1911 - janvier 1912 Joseph Caillaux
7%
Président du Conseil janvier 1905 - mars 1906 Maurice Rouvier
7%
Président du Conseil mai 1887 - décembre 1887 Maurice Rouvier
7%
Président du Conseil décembre 1932 - janvier 1933 Joseph Paul-Boncour
6%
Président du Conseil mars 1913 - décembre 1913 Louis Barthou
6%
Président du Conseil février 1879 - décembre 1879 William Henry Waddington
6%
Président du gouvernement de la Défense nationale septembre 1870 - février 1871 Louis-Jules Trochu
4%
Président du Conseil mars 1906 - octobre 1906 Ferdinand Sarrien
3%
Président du Conseil juin 1924 Frédéric François-Marsal
3%
Président du Conseil novembre 1877 - décembre 1877 Gaëtan de Rochebouët
3%
Président du Conseil février 1848 - mai 1848 Jacques Charles Dupont de l'Eure
3%
Président du Conseil juin 1935 Fernand Bouisson
2%
Président du Conseil septembre 1920 - janvier 1921 Georges Leygues
2%
Président du Conseil, de facto avril 1851 - octobre 1851 Léon Faucher
2%
Vice-président du Conseil mars 1875 - février 1876 Louis Buffet
2%
Président du Conseil décembre 1848 - octobre 1849 Odilon Barrot
2%
Président du Conseil, de facto octobre 1949 - janvier 1851 Alphonse Henri d'Hautpoul
1%
Président du Conseil février 1889 - mars 1890 Pierre Tirard
1%
Président du Conseil décembre 1887 - avril 1888 Pierre Tirard
1%
Président du Conseil août 1882 - janvier 1883 Charles Duclerc
0%
Président du Conseil avril 1888 - février 1889 Charles Floquet
0%
Vice-président du Conseil mai 1874 - mars 1875 Ernest Courtot de Cissey
0%
Président du Conseil mars 1911 - juin 1911 Ernest Monis
0%
Président du Conseil décembre 1886 - mai 1887 René Goblet
0%
Aucun quiz correspondant
Distribution des résultats
% des personnes avec chaque résultat
Percentile par nombre de réponses
Votre historique - résultats
Vous n’avez pas pris ce quiz